| 000 | 00403 a2200133 4500 | ||
|---|---|---|---|
| 001 | 92220 | ||
| 082 | _aPR 2491 | ||
| 090 |
_c44180 _d44179 |
||
| 100 | _aJawad Azmat and Qazi Zaheer; Prof Farooq and Prof Haris (Advisors) | ||
| 245 |
_aConceptual and Preliminary Design of PAK-NGFA structural Analysis _n78 "A" EC |
||
| 260 |
_aIslamabad _bNUST _c2015 |
||
| 300 | _axi,53p. | ||
| 500 | _aBE Project Report | ||
| 942 |
_aCAE NUST _kPR 2491 |
||
| 999 |
_c327293 _d327293 |
||